| 000 | 00951nam a2200253Ia 4500 | ||
|---|---|---|---|
| 003 | OSt | ||
| 005 | 20221005105333.0 | ||
| 006 | a|||||r|||| 00| 0 | ||
| 007 | ta | ||
| 008 | 221004b |||||||| |||| 00| 0 hin d | ||
| 020 | _c700 | ||
| 024 | _a168 | ||
| 037 |
_b427, 11/03/2013, Eastern Book Linkers _cTextual |
||
| 040 |
_aCRL _cCRL _bhin |
||
| 041 |
_2hin _ahin |
||
| 082 | _aV1:2.N9, 152L4;P9 | ||
| 100 | _aसिंह, वीरकेश्वर प्रसाद | ||
| 245 | 0 | _aविश्व के प्रमुख संविधन | |
| 246 | _aVishva ke pramukh sanvidhana | ||
| 260 |
_aनई दिल्ली _bज्ञानदा प्रकाशन भारत _c2009 |
||
| 650 | _aविश्व-इतिहास | ||
| 942 |
_hV1:2.N9, 152L4;P9 _cTEXL _2cc |
||
| 999 |
_c1015511 _d1015511 |
||